Goethe-ről
Elmentve itt :
| Szerző: | |
|---|---|
| További közreműködők: | |
| Adatforrás: | Philobibl |
| Forrásdokumentuma: | Vulgo 3.2002:1. 131-132. p. |
| Dokumentumtípus: | Cikk |
| Nyelv: | magyar |
| Kulcsszavak: | Goethe esztétika művészetelmélet |
| Megjelent: |
2002
|
| LEADER | 00400nab a2200157 c 4500 | ||
|---|---|---|---|
| 001 | bibPHI0029435 | ||
| 005 | 20200924122505.8 | ||
| 008 | 070115s2002 xx hun | ||
| 100 | 1 | |a Novalis | |
| 245 | 1 | 0 | |a Goethe-ről |c Novalis ; [ford. Asztalos Éva] |
| 260 | |c 2002 | ||
| 695 | |a Goethe | ||
| 695 | |a esztétika | ||
| 695 | |a művészetelmélet | ||
| 700 | 1 | |a Asztalos Éva | |
| 773 | 0 | |t Vulgo |g 3.2002:1. 131-132. p. | |